LEADER 01174nam a2200253 i 4500 001 000000037058 003 CaOOAMICUS 005 20220609135208.0 008 120911s1975 it u000 u ita u 013 $a7282 040 $aSeMil$bita 100 1 $aCazzani, Eugenio,$c.$0(OLS)http://semarc/name/10584 245 12$aL'Archivio del santuario della B.V. dei Miracoli in Corbetta /$cEugenio Cazzani. 264 1$a[S.l.] :$bEdizione ŤOlonať,$c1975. 300 $a275 p. ;$c24 cm. 490 1 $aArchivi parrocchiali dell'Arcidiocesi di Milano 650 4$aArchivi ecclesiastici.$0(OLS)http://semarc/subject/6365 650 4$aCorbetta - Santuario Arcivescovile Santa Maria Dei Miracoli - Archivio.$0(OLS)http://semarc/subject/52388 830 0$aArchivi parrocchiali dell'Arcidiocesi di Milano.$0(OLS)http://semarc/title/25295 850 $aSeMil 852 $aSeMil$W1$xVenegono$y1$m3P IV 200$j3213$B3213$CSeMilBibl$Z2$F3213 $81 996 $6245$aL'Archivio del santuario della B.V. dei Miracoli in Corbetta$9(OLS)http://semarc/title/51670 996 $6264$a[S.l.] :$bEdizione ŤOlonať$9(OLS)http://semarc/publisher/39871 LEADER 01245nam a2200265 i 4500 001 000000075204 003 CaOOAMICUS 005 20230502144249.0 008 110527s1857 it u000 u ita u 040 $aSeMil$bita 100 1 $aSegneri, Paolo,$c.$0(OLS)http://semarc/name/3164 245 10$aLettere inedite di Paolo Segneri al granduca Cosimo Terzo, tratte dagli autografi /$c[a cura di Silvio Giannini]. 260 $aFirenze :$bF. Le Monnier,$c1857. 300 $aLX, 325 p. ;$c19 cm. 490 0 $aBiblioteca nazionale 500 $aNome del cur. a p. XVI. 650 4$aSegneri, Paolo - Lettere e carteggi.$0(OLS)http://semarc/subject/15344 700 1 $aCosimo .$0(OLS)http://semarc/name/37152 700 1 $aGiannini, Silvio.$0(OLS)http://semarc/name/37153 830 0$aBiblioteca nazionale.$0(OLS)http://semarc/title/33708 850 $aSeMil 852 $aSeMil$W1$xVenegono$y1$m1E IV 10 FA$j41356$B41356$CSeMilBibl$Z2$F41360 $8I 996 $6245$aLettere inedite di Paolo Segneri al granduca Cosimo Terzo, tratte dagli autografi$9(OLS)http://semarc/title/122005 996 $6260$aFirenze :$bF. Le Monnier$9(OLS)http://semarc/publisher/30243